000 00833nam a2200193 4500
001 148472
003 ES-MaACL
005 20250918211514.0
007 t|
008 070214s1962 sp r ||||1| spa d
245 0 0 _aStrenae
_b: estudios de Filología e Historia dedicados al profesor Manuel García Blanco.
260 _aSalamanca :
_bUniversidad de Salamanca, Secretariado de Publicaciones e Intercambio Científico,
_c1962 (
_eMadrid :
_fImp. Raycar)
300 _a490 p. :
_bil. = retr. homenajeado ;
_c25 cm.
500 _aSeparata de: `Acta Salmanticensia . Filosofía y Letras`, t. XVI.
700 1 _aGarcía Blanco, Manuel,
_d1902-1966
_954272
710 2 _aUniversidad de Salamanca.
_bSecretariado de Publicaciones e Intercambio Científico.
_97289
852 _aES-MaACL
_jC-23448
_bR.50524
999 _c148472
_d148472